| 000 | 00856nam a22002057a 4500 | ||
|---|---|---|---|
| 999 |
_c19499 _d19499 |
||
| 003 | AR-CdUCM | ||
| 008 | 190517b ||||| |||| 00| 0 spa d | ||
| 040 |
_aMUNICIPALIDAD PROVINCIAL DEL CUSCO _cBIBLIOTECA MUNICIPAL DEL CUSCO |
||
| 082 |
_a352.02 / _bAL41 |
||
| 100 |
_aAlfaro Limaya, Javier _931041 |
||
| 245 | _aManual de gestión municipal / | ||
| 260 |
_aLima : _bCisneros, _c1996. |
||
| 300 |
_a383 páginas ; _c21.5 cm. |
||
| 505 | _aContenido: La administración municipal en el Perú -- El Gobierno Municipal: atribuciones y funciones -- La gestión administrativa en las municipalidades -- La gestión de los servicios públicos municipales -- El control en la gestión municipal ... | ||
| 650 |
_aGestión _922604 |
||
| 650 |
_aMunicipalidades _930449 |
||
| 650 |
_aAdministración _94472 |
||
| 942 |
_2ddc _cLIBROS |
||
| 945 |
_aachl _d2019-05-17 |
||